| 000 | 02278nam a2200493 c 4500 | ||
|---|---|---|---|
| 999 |
_c490456 _d490456 |
||
| 003 | BLK | ||
| 005 | 20230418125250.0 | ||
| 008 | 180408b bul|||||r ||||||| ||bul|| | ||
| 020 | _a9787508532684 | ||
| 040 | _aBLK | ||
| 041 |
_aENG _aCHI _cENG |
||
| 080 |
_aМеждународни политически отношения. Световна политика. Международна политика. Дипломация _b327 _x(497.2+510) _z327(497.2+510) |
||
| 100 |
_aXinning Song _9487378 |
||
| 139 |
_aXinning Song _bX 62 |
||
| 245 | 1 | 0 |
_aChina-EU _bmutual benefit, strategic partnership and comprehensive cooperation _cXinning Song, Shaobin Ding |
| 260 |
_bWu zhou chuan bo chu ban she _c2016 _9211276 _aBeijing |
||
| 300 |
_a218 с. _bill. _c33 см |
||
| 380 | _a3 | ||
| 650 | 7 |
_aМеждународни икономически отношения _9161772 |
|
| 651 | 0 |
_aЕвропейски съюз _9258188 |
|
| 651 | 4 |
_aКитай _9242505 |
|
| 700 |
_9487379 _aShaobin Ding _eсъавт. |
||
| 856 | 4 |
_qpdf _i0.00 _ldisable |
|
| 856 | 4 |
_qpdf _i0.00 _ldisable |
|
| 942 |
_cKNG _n0 _s1 |
||
| 944 |
_aCR _c2023-04-18 _kнр |
||